000 00544nam a2200193 a 4500
001 1771663883740
003 YourLibrary
005 20260221142343.0
008 260221s1992##################000#0#eng##
020 _a9780820418391
082 0 4 _a338.476928
_bSHI
100 1 _aShieh, Gwo-shyong,
_eauthor.
245 1 0 _a"Boss" Island :
260 _bPeter Lang Incorporated, International Academic Publishers,
_c1992.
300 _a276 pages
650 0 _aBusiness & Economics.
942 _cENGLISH
040 _aYourLibrary
_beng
_cYourLibrary
999 _c615090
_d615090